000 00292nam a22001337a 4500
008 170407b xxu||||| |||| 00| 0 eng d
020 _a9789996000485
041 _aeng
080 _29 ED
_a616
100 _a9
101 _aSHM
245 _aSURGICAL PATHOLOGY
_cROSAI.J
942 _2udc
_cBK
999 _c10222
_d10222